000 01675cam a22003854a 4500
001 318192009
003 OCoLC
005 20240626150002.0
008 090408s2009 ilu 000 1 eng
010 _a2009014398
020 _a9780842356329
_qsc
_qalkaline paper
020 _a0842356320
_qsc
_qalkaline paper
020 _a9781448797394
_qPawPrnt
020 _a144879739X
_qPawPrnt
035 _a(OCoLC)318192009
040 _aDLC
_beng
_cDLC
_dBTCTA
_dOEM
_dIHI
_dYDXCP
_dIGP
_dOCLCQ
_dBDX
_dFCX
050 0 0 _aPS3568.I83165
_bL56 2009
082 0 0 _a813/.54
_222
100 1 _aRivers, Francine,
_d1947-
_0https://id.loc.gov/authorities/names/n93014138.
245 1 2 _aA lineage of grace :
_bfive stories of unlikely women who changed eternity /
_cFrancine Rivers.
260 _aCarol Stream, Ill. :
_bTyndale House Publishers,
_c2009.
264 1 _aCarol Stream, Ill. :
_bTyndale House Publishers,
_c2009.
300 _axii, 542 pages ;
_c23 cm.
336 _atext
_btxt
_2rdacontent.
337 _aunmediated
_bn
_2rdamedia.
338 _avolume
_bnc
_2rdacarrier.
505 0 _aUnveiled -- Unashamed -- Unshaken -- Unspoken -- Unafraid.
520 _aTamar, Rahab, Ruth, Bathsheba, Mary, five women-- all chosen by God.
650 0 _aWomen in the Bible
_vFiction.
_0https://id.loc.gov/authorities/subjects/sh2008113701.
650 0 _aChristian fiction, American.
_0https://id.loc.gov/authorities/subjects/sh86007284.
655 0 _aChristian fiction, American.
655 7 _aBiographical fiction.
_2lcgft
_0https://id.loc.gov/authorities/genreForms/gf2014026246.
655 7 _aBible fiction.
_2lcgft
_0https://id.loc.gov/authorities/genreForms/gf2014026240.
942 _cBK
999 _c29878
_d29876